01675cam a2200397 a 4500001001400000003000800014005001700022006001900039007001500058008004100073020003800114040003000152049002600182050001100208082001600219245013400235260005300369300003700422500003600459520024900495521001700744588004700761504005100808650004100859650003900900650003500939655002900974700002101003700002601024700004701050710001601097776003501113856009401148942001601242999001901258EDZ0000018981StDuBDS20161031105121.0m||||||||d||||||||cr |||||||||||110107s2004 cau fo 001|0|eng|d a9781412950596 (ebook) :cNo price aStDuBDSbengcStDuBDSepn aAlfaisal Main Library 4aLC521104a374.00322200aEncyclopedia of distributed learningh[electronic resource] /ceditors, Anna DiStefano, Kjell Erik Rudestam, Robert J. Silverman. aThousand Oaks, Calif. ;aLondon :bSAGE,cc2004. a1 online resource (xxvi, 549 p.) a"A SAGE reference publication."8 aThe 'Encyclopedia of Distributed Learning' defines and applies the best practices of contemporary continuing education designed for adults in corporate settings, Open University settings graduate coursework and in similar learning environments. aSpecialized. aDescription based on print version record. aIncludes bibliographical references and index. 0aContinuing educationvEncyclopedias. 0aDistance educationvEncyclopedias. 0aAdult learningvEncyclopedias. 7aElectronic books.2local1 aDiStefano, Anna.1 aRudestam, Kjell Erik.1 aSilverman, Robert J.q(Robert Jay),d1940-2 aSage eBooks08iPrint version :z978076192451740uhttp://ezproxy.alfaisal.edu/login?url=http://sk.sagepub.com/reference/distributedlearning 2lcccEBOOKS c479666d479666